000 00459nam a2200145Ia 4500
008 231129s2002||||xx |||||||||||||| ||spa||
020 _a84-9735-004-9
040 _bspa
082 _a306.9 P937a
100 _aPreston Thomas A.
245 0 _aAprender a morir: Posiblemente éste es el libro más importante que usted haya leí­do o vaya a leer jamás
260 _c2002
264 _aAmat Editorial
942 _2ddc
_cBKS
999 _c5460
_d5460